Movies Quiz

Random Movies Quiz

Movie by Synonym Quiz Stats

 Plays Quiz not verified by Sporcle

Score 0/50 Timer 15:00
0 Plays Today
Synonym Movie % Correct
Intercourse Plus a TownSex and the City
89.3%
The Great, The Awful and the UnattractiveThe Good, The Bad and the Ugly
84.8%
Me, AndroidI, Robot
80%
Beautiful GirlPretty Woman
78.9%
Passing Away at a Ceremony of DeathDeath at a Funeral
75.2%
Males that Glare at Sheep-like CreaturesMen who Stare at Goats
70.7%
Spirit BurstersGhost Busters
67%
Eddy KnifefingersEdward Scissorhands
66.7%
One Dozen Hateful Boys12 Angry Men
65.6%
There Shall be HemoglobinThere Will be Blood
64.1%
Above in the AtmosphereUp in the Air
63.3%
Recall the GargantuansRemember the Titans
63%
Incessant Starlight of the Clean BrainEternal Sunshine of the Spotless Mind
63%
Judgment Day CurrentlyApocalypse Now
60%
Foreign BeingAlien
59.6%
The Bad Dream Proceeding The Anniversary of the Birth of Jesus ChristThe Nightmare Before Christmas
59.3%
Call H for HomicideDial M for Murder
58.9%
Lot of Money InfantMillion Dollar Baby
58.1%
Gambling EstablishmentCasino
57%
Police ExitCop Out
54.8%
Angry Male CowRaging Bull
51.5%
Punch-RectumKick-Ass
51.1%
Frozen Water DaysIce Age
48.9%
Drainage Basin CaninesReservoir Dogs
48.5%
Harmonizing in PrecipitationSingin' in the Rain
48.1%
Synonym Movie % Correct
MozartAmadeus
47%
Ghouls Co.Monsters Inc.
45.2%
Boulder-ishRocky
40.7%
Nonpacifist FraternityFight Club
40.4%
Bits in your Orange Juice Fairy TailPulp Fiction
40%
A Dozen Primates12 Monkeys
39.6%
The Passed AwayThe Departed
39.6%
Avoidsphere: A Believable Belowcanine FableDodgeball: A True Underdog Story
35.6%
A Challenging Afternoon's DuskA Hard Day's Night
31.9%
The Top-Ranking 365-Day Time Periods of our own BeingThe Best Years of our Lives
31.9%
The Black Noble PersonThe Dark Knight
31.1%
Large Underwater SpeciesBig Fish
30.7%
Celestial Body ExpeditionStar Trek
29.3%
The First-TimerThe Rookie
28.5%
Clasp, Accumulate & a Couple of Fiery Cylindrical ContainersLock, Stock and Two Smoking Barrels
25.9%
Edward PineEd Wood
25.6%
LuckyNumberSe7en
25.2%
Infant MotherBaby Mama
21.1%
Earth Surfacepig 24-Hour Time PeriodGroundhog Day
17%
Ghosted OutSpirited Away
15.9%
CommencementInception
14.4%
The Crossroads of America Smith: The Final Holy WarIndiana Jones and The Last Crusade
12.6%
Infamous Child of a Single MotherInglourios Basterds
12.2%
Au PhalangeGoldfinger
10.4%
Detective Sleuth
7.4%

You're not logged in!

Compare scores with friends on all Sporcle quizzes.
OR
Log In

Sporcle TV

Today on Sporcle TV


Watch our educational content, quiz creation guides, and fun videos on Sporcle TV.

Show Comments

Extras

Created Oct 14, 2010ReportNominate
Tags:synonym

Top Quizzes Today


Score Distribution

Your Account Isn't Verified!

In order to create a playlist on Sporcle, you need to verify the email address you used during registration. Go to your Sporcle Settings to finish the process.

Report this User

Report this user for behavior that violates our Community Guidelines.

Details: